书目信息 |
| 题名: |
春天的十七个瞬间
|
|
| 作者: | 谢苗诺夫 , 郑海凌 著 | |
| 分册: | ||
| 出版信息: | 天津 百花文艺出版社 1997.10 |
|
| 页数: | 415页 | |
| 开本: | 32开 | |
| 丛书名: | ||
| 单 册: | ||
| 中图分类: | I512.45 | |
| 科图分类: | ||
| 主题词: | 文学 | |
| 电子资源: | ||
| ISBN: | 7-5306-0051-6 | |
| 000 | 00629nam0 2200205 45 | |
| 001 | 0011021552 | |
| 005 | 20001102154944.3 | |
| 010 | @a7-5306-0051-6@d18.30元 | |
| 100 | @a20001102d1997 km y0chiy0120 ea | |
| 101 | 0 | @achi |
| 105 | @a z 000yy | |
| 200 | 1 | @a春天的十七个瞬间@AChun Tian De Shi Qi Ge Shun Jian@f(苏)谢苗诺夫著;纪胜,郑海凌译@F(Su)Xie Miao Nuo FuZhu;Ji Sheng,Zheng Hai Ling Yi |
| 210 | @a天津@c百花文艺出版社@d1997.10 | |
| 215 | @a415页@d32开 | |
| 606 | 0 | @a文学 |
| 690 | @aI512.45@v3 | |
| 701 | 0 | @a谢苗诺夫@4著 |
| 701 | 0 | @a郑海凌@4译 |
| 801 | @aCN@bPftUser@c20001102 | |
| 905 | @b196281-282@dI512.45@eX584@f2 | |
| 春天的十七个瞬间/(苏)谢苗诺夫著;纪胜,郑海凌译.-天津:百花文艺出版社,1997.10 |
| 415页;32开 |
| ISBN 7-5306-0051-6:18.30元 |
| ● |
| 相关链接 |
|
|
|
正题名:春天的十七个瞬间
索取号:I512.45/X584
 
预约/预借
| 序号 | 登录号 | 条形码 | 馆藏地/架位号 | 状态 | 备注 |
| 1 | 196281 | 201962812 | 文学库116/116文学库 17排2列4层/ [索取号:I512.45/X584] | 在馆 | |
| 2 | 196282 | 201962821 | 文学库116/116文学库 17排2列4层/ [索取号:I512.45/X584] | 在馆 |